000 01210cam a22003134a 4500
001 13013993
003 NUST-PNEC
005 20170116180701.0
008 021126s2003 maua b 001 0 eng
010 _a 2002043668
020 _a1580535976 (alk. paper)
040 _aDLC
_cPNEC
_dDLC
042 _apcc
050 0 0 _aTK5103.4885
_b.S48 2003
082 0 0 _a004.678 SEU
100 1 _aSeurre, Emmanuel.
245 1 0 _aEDGE for mobile Internet /
_cEmmanuel Seurre, Patrick Savelli, Pierre-Jean Pietri.
260 _aBoston :
_bArtech House,
_cc2003.
300 _axi, 228 p. :
_bill. ;
_c24 cm.
440 0 _aArtech House mobile communications series
500 _ahttp://www.amazon.com/EDGE-Mobile-Internet-Emmanuel-Seurre/dp/1580535976/ref=sr_1_1?s=books&ie=UTF8&qid=1410246271&sr=1-1&keywords=1580535976
504 _aIncludes bibliographical references and index.
650 0 _aWireless Internet.
_xEL, MIS
700 1 _aSavelli, Patrick.
700 1 _aPietri, Pierre-Jean.
906 _a7
_bcbc
_corignew
_d1
_eocip
_f20
_gy-gencatlg
942 _2ddc
_cBK
999 _c60564
_d60564